| 000 | 00589nam a22001937a 4500 | ||
|---|---|---|---|
| 003 | OSt | ||
| 005 | 20210501123408.0 | ||
| 008 | 210204s1955 ||||| |||| 00| 0 eng d | ||
| 040 |
_aeng _beng _cDLC |
||
| 041 | _aeng | ||
| 080 |
_a821.111 _bT-42 |
||
| 100 |
_9793 _aTey, Josephine |
||
| 245 |
_aThree by Tey _b: Miss Pym Disposes, The Franchise Affair, Brat Farrar _c/ by: Macmillan Company |
||
| 260 |
_aNew York _bMacmillan Company _c1955 |
||
| 300 | _a657 p. | ||
| 650 | 0 |
_9254 _aEnglish literature |
|
| 653 | _aინგლისური ლიტერატურა | ||
| 942 |
_2udc _cBK |
||
| 999 |
_c1209 _d1209 |
||